000 00280nam a22001097a 4500
041 _aeng
080 _a80
100 _aРудакова, И. Ф.
245 _aУчебный русско-англо-французско-немецко сл....
650 _aGerman
999 _c281564
_d281564
942 _cBK